000 02615nam0a2200361 4500
001 RU\NLR\BIBL_A\022367592
005 20260420020647.0
010 _a978-5-398-03124-9
_9100
021 _aRU
_bКН-П-24-055282
_9КН-П-24-5505
035 _a(NLR Aleph) 022367592
090 _a13668727
_c13668727
100 _a20241030d2024 k y0rusy50 ca
101 0 _arus
102 _aRU
105 _aa|||z|||100yy
181 0 _ai3
_baxxe
182 0 _an
200 1 _aАктуальные вопросы педиатрии
_eматериалы межрегиональной научно-практической конфереции с международным участием, г. Пермь, 12-13 апреля 2024 г.
_fМинистерство здравоохранения Пермского края, Федеральное государственное бюджетное образовательное учреждение высшего образования "Пермский государственный медицинский университет имени академика Е. А. Вагнера" Министерства здравоохранения Российской Федерации
_gредакционная коллегия: профессор, д-р мед. наук Н. В. Минаева [и др.]
203 _aТекст
_bвизуальный
_cнепосредственный
210 _aПермь
_cИзд-во Пермского национального исследовательского политехнического университета
_d2024
215 _a186 с.
_cил., табл.
_d21
320 _aБиблиогр. в конце ст.
333 _a16+
606 1 _aПедиатрия
_jСъезды, совещания и т.п
_9973843
_3RU\NLR\AUTH\6646829
686 1 _aР73я431(2)
702 1 _aМинаева
_bН. В.
_cд-р мед. наук
_gНаталия Витальевна
_3RU\NLR\AUTH\770274377
_4340
711 1 2 _a"Актуальные вопросы педиатрии", межрегиональная научно-практическая конференция с международным участием
_eПермь
_f2024
_92644520
_3RU\NLR\AUTH\880618039
712 0 2 _4570
_aПермский государственный медицинский университет им. Е. А. Вагнера
_9454173
_3RU\NLR\AUTH\880394042
942 _cBOOK
980 _aNB